Home Workspace Program 2012-2013 (Record no. 155)

MARC details
000 -LEADER
campo de control de longitud fija 00360 a2200121 4500
082 ## - NÚMERO DE LA CLASIFICACIÓN DECIMAL DEWEY
Número de clasificación 707.956.9
Número de ítem AS825h1
110 ## - ENTRADA PRINCIPAL--NOMBRE DE ENTIDAD CORPORATIVA
Nombre de entidad corporativa o nombre de jurisdicción como elemento de entrada Ashkal Alwan
9 (RLIN) 748
245 ## - MENCIÓN DEL TÍTULO
Título Home Workspace Program 2012-2013
260 ## - PUBLICACIÓN, DISTRIBUCIÓN, ETC.
Lugar de publicación, distribución, etc. Beirut, Lebanon
Nombre del editor, distribuidor, etc. Ashkal Alwan
Fecha de publicación, distribución, etc. 2012
300 ## - DESCRIPCIÓN FÍSICA
Extensión 16 p
Dimensiones 21 cm
650 ## - PUNTO DE ACCESO ADICIONAL DE MATERIA--TÉRMINO DE MATERIA
Subdivisión general exhibicion-programa
-- arte
-- home workspace forum
Subdivisión geográfica libano
9 (RLIN) 749
710 ## - ENTRADA AGREGADA--NOMBRE DE ENTIDAD CORPORATIVA
Nombre de entidad corporativa o nombre de jurisdicción como elemento de entrada Ashkal Alwan
9 (RLIN) 750
Holdings
Estatus retirado Estado de pérdida Fuente del sistema de clasificación o colocación Estado de daño No para préstamo Biblioteca de origen Biblioteca actual Ubicación en estantería Fecha de adquisición Total de préstamos Signatura topográfica completa Código de barras Visto por última vez Precio de reemplazo Tipo de ítem Koha
    Clasificación Decimal Dewey     Biblioteca LadoV Biblioteca LadoV   22/05/2014   707.956.9 AS825h1 003979 22/05/2014 22/05/2014 Material 01